| 000 -LEADER |
| fixed length control field |
00836nam a22001937a 4500 |
| 005 - DATE AND TIME OF LATEST TRANSACTION |
| control field |
20230927113811.0 |
| 008 - FIXED-LENGTH DATA ELEMENTS--GENERAL INFORMATION |
| fixed length control field |
230927s1980 gw ||||| |||| 00| 0 ger d |
| 041 ## - LANGUAGE CODE |
| Language code of text/sound track or separate title |
ger |
| 080 ## - UNIVERSAL DECIMAL CLASSIFICATION NUMBER |
| Universal Decimal Classification number |
94(3) M-97 |
| 100 ## - MAIN ENTRY--PERSONAL NAME |
| Personal name |
Musiolek, Peter |
| 9 (RLIN) |
19931 |
| 245 ## - TITLE STATEMENT |
| Title |
Klassisches Athen / |
| Statement of responsibility, etc. |
Peter Musiolek, Wolfgang Schindler; Reproduktionsfotos von Volkmar Herre. |
| 264 ## - PRODUCTION, PUBLICATION, DISTRIBUTION, MANUFACTURE, AND COPYRIGHT NOTICE |
| Place of production, publication, distribution, manufacture |
Leipzig : |
| Name of producer, publisher, distributor, manufacturer |
Koehler & Amelang, |
| Date of production, publication, distribution, manufacture, or copyright notice |
1980. |
| 300 ## - PHYSICAL DESCRIPTION |
| Extent |
247 p. |
| Other physical details |
ill., |
| Dimensions |
22 cm. |
| 521 ## - TARGET AUDIENCE NOTE |
| Target audience note |
ბიბლიოგრაფია: გვ. 230-233. |
| 653 ## - INDEX TERM--UNCONTROLLED |
| keyword |
ძველი ბერძნული ცივილიზაცია. საბერძნეთი -- სიძველენი |
| 653 ## - INDEX TERM--UNCONTROLLED |
| keyword |
ათენი(საბერძნეთი) -- სიძველენი |
| 700 ## - ADDED ENTRY--PERSONAL NAME |
| Personal name |
Schindler, Wolfgang |
| Relator term |
ავტორი |
| 9 (RLIN) |
19932 |
| 942 ## - ADDED ENTRY ELEMENTS (KOHA) |
| Source of classification or shelving scheme |
|
| Koha item type |
წიგნი |